NCT WISH all songs(April 2026 update) - Statistics

General Stats
  • This quiz has been taken 188 times
    83 since last reset
  • The average score is 33 of 55
Answer Stats
Hint Answer % Correct
Ode to Love Ode to Love
98%
Steady Steady
98%
WISH WISH
98%
poppop poppop
97%
COLOR COLOR
93%
Songbird Songbird
93%
poppop 1000
86%
Pre-Debut Single Hands Up
83%
Ode to Love Sticky
83%
Pre-release(COLOR) Surf
83%
poppop Melt Inside My Pocket
76%
Ode to Love 2.0 (TWO POINT O)
74%
WISHFUL CHOO CHOO
71%
COLOR Reel-ationship
71%
Pre-Release(Steady) Dunk Shot
67%
poppop Silly Dance
67%
Pre-Debut Single We Go!
66%
poppop Design
62%
WISHLIST Hello Mellow
62%
WISHFUL NASA
62%
Ode to Love Street (2AM)
62%
COLOR Baby Blue
60%
Ode to Love Voyage
60%
WISHFUL Wishful Winter
60%
Ode to Love Everglow
59%
Steady Skate
59%
COLOR WICHU
59%
Ode to Love Crush
57%
Ode to Love Don’t Say You Love Me
57%
Steady Supercute
57%
Songbird Tears Are Falling
57%
Steady 3 Minutes
55%
Ode to Love Feel The Beat
55%
Pre-release(WISHLIST) Dreamcatcher
53%
2025 SMTOWN : THE CULTURE, THE FUTURE Miracle
53%
COLOR Videohood
53%
WISHLIST ZONE
53%
WISHLIST BUBBLE GUM
52%
COLOR Cheat Code
52%
Ode to Love Glow Up
50%
WISH Sail Away
50%
poppop Still 3PM
50%
WISHFUL P.O.V
48%
WISHLIST Good Morning
47%
Steady On & On
47%
WISHLIST SOMEDAY
45%
WISHFUL FAR AWAY
43%
Other releases Make You Shine
41%
WISHFUL Our Adventures
40%
Other releases Princepingsong
40%
WISHFUL Touchdown
40%
Other releases Same Sky
38%
Other releases If you love me let me know
29%
Other releases Wishing Star
28%
2025 SMTOWN : THE CULTURE, THE FUTURE Thank You
16%
No matching quizzes found
Score Distribution
Percent of People with Each Score
Percentile by Number Answered
Your Score History
You have not taken this quiz since the last reset